000 00513nam a2200169 a 4500
001 4383
003 CO-ViMGA
008 141112s2004 ck r 000 u spa d
040 _aCO-ViMGA
_bspa
_cCO-ViMGA
082 _a616.863 M454
100 1 _aMinisterio de Justicia y de Derecho,
_96221
245 1 0 _aDrogas ilicitas en colombia :
_bsu impacto económico, político y social
260 _aSantafé de Bogotá :
_bPlaneta,
_c1997
300 _a700 p
650 1 4 _aDROGADICCION - COLOMBIA
_96222
942 _2ddc
_cBK
999 _c11340
_d11340